<?xml version="1.0" encoding="UTF-8"?>
<record
    xmlns:xsi="http://www.w3.org/2001/XMLSchema-instance"
    xsi:schemaLocation="http://www.loc.gov/MARC21/slim http://www.loc.gov/standards/marcxml/schema/MARC21slim.xsd"
    xmlns="http://www.loc.gov/MARC21/slim">

  <leader>01314nam a22002657a 4500</leader>
  <controlfield tag="005">20120112143825.0</controlfield>
  <controlfield tag="008">120112t        xxu||||| |||| 00| 0 mar d</controlfield>
  <datafield tag="010" ind1=" " ind2=" ">
    <subfield code="a">MAR-22198</subfield>
  </datafield>
  <datafield tag="020" ind1=" " ind2=" ">
    <subfield code="c">101.00</subfield>
    <subfield code="a">9789380876009</subfield>
  </datafield>
  <datafield tag="035" ind1=" " ind2=" ">
    <subfield code="a">MR-14856</subfield>
  </datafield>
  <datafield tag="037" ind1=" " ind2=" ">
    <subfield code="b">DBAD/PUB</subfield>
  </datafield>
  <datafield tag="040" ind1=" " ind2=" ">
    <subfield code="a">DPL</subfield>
    <subfield code="b">MR</subfield>
  </datafield>
  <datafield tag="082" ind1=" " ind2=" ">
    <subfield code="a">920</subfield>
  </datafield>
  <datafield tag="100" ind1=" " ind2=" ">
    <subfield code="9">39079</subfield>
  </datafield>
  <datafield tag="245" ind1=" " ind2=" ">
    <subfield code="a">&#x92A;&#x941;&#x923;&#x94D;&#x92F;&#x936;&#x94D;&#x932;&#x94B;&#x915; &#x91C;&#x928;&#x93E;&#x930;&#x94D;&#x926;&#x928; /</subfield>
    <subfield code="c">&#x932;&#x924;&#x93F;&#x915;&#x93E; &#x915;&#x92E;&#x932;&#x915;&#x93F;&#x936;&#x94B;&#x930; &#x915;&#x926;&#x92E; &#x926;&#x94D;&#x935;&#x93E;&#x930;&#x93E; &#x938;&#x902;&#x92A;&#x93E;&#x926;&#x93F;&#x924;</subfield>
  </datafield>
  <datafield tag="246" ind1=" " ind2=" ">
    <subfield code="a">Punnyashlok Janardan</subfield>
    <subfield code="b">edited by Latika Kamalkishore Kadam</subfield>
  </datafield>
  <datafield tag="260" ind1=" " ind2=" ">
    <subfield code="a">&#x914;&#x930;&#x902;&#x917;&#x93E;&#x92C;&#x93E;&#x926;</subfield>
    <subfield code="b">&#x90F;&#x91C;&#x94D;&#x92F;&#x941;&#x915;&#x947;&#x936;&#x928;&#x932; &#x92C;&#x941;&#x915; &#x921;&#x93F;&#x938;&#x94D;&#x91F;&#x94D;&#x930;&#x93F;&#x935;&#x94D;&#x92F;&#x941;&#x91F;&#x930; &#x905;&#x901;&#x928;&#x94D;&#x921; &#x92A;&#x92C;&#x94D;&#x932;&#x93F;&#x936;&#x930;&#x94D;&#x938;</subfield>
    <subfield code="c">2011</subfield>
  </datafield>
  <datafield tag="270" ind1=" " ind2=" ">
    <subfield code="a">&#x917;&#x94B;&#x915;&#x941;&#x933;&#x935;&#x93E;&#x921;&#x940;,&#x914;&#x930;&#x902;&#x917;&#x92A;&#x942;&#x930;&#x93E;</subfield>
    <subfield code="b">&#x914;&#x930;&#x902;&#x917;&#x93E;&#x92C;&#x93E;&#x926;</subfield>
  </datafield>
  <datafield tag="300" ind1=" " ind2=" ">
    <subfield code="a">45&#x92A;&#x943;</subfield>
    <subfield code="c">23&#x938;&#x947;&#x92E;&#x940;(&#x938;&#x91C;&#x93F;&#x932;&#x94D;&#x926;)</subfield>
    <subfield code="b">&#x938;&#x91A;&#x93F;&#x924;&#x94D;&#x930;</subfield>
  </datafield>
  <datafield tag="650" ind1=" " ind2=" ">
    <subfield code="a">&#x91C;&#x940;&#x935;&#x928;&#x91A;&#x930;&#x93F;&#x924;&#x94D;&#x930;</subfield>
    <subfield code="9">47282</subfield>
  </datafield>
  <datafield tag="650" ind1=" " ind2=" ">
    <subfield code="a">Biography</subfield>
    <subfield code="9">47283</subfield>
  </datafield>
  <datafield tag="700" ind1=" " ind2=" ">
    <subfield code="a">&#x915;&#x926;&#x92E;, &#x932;&#x924;&#x93F;&#x915;&#x93E; &#x915;&#x92E;&#x932;&#x915;&#x93F;&#x936;&#x94B;&#x930; </subfield>
    <subfield code="9">49089</subfield>
  </datafield>
  <datafield tag="942" ind1=" " ind2=" ">
    <subfield code="2">ddc</subfield>
    <subfield code="c">MR</subfield>
    <subfield code="m">&#x92A;&#x941;&#x923;&#x94D;&#x92F;&#x936;&#x94D;&#x932;&#x94B;</subfield>
    <subfield code="h">920</subfield>
  </datafield>
  <datafield tag="999" ind1=" " ind2=" ">
    <subfield code="c">67936</subfield>
    <subfield code="d">67936</subfield>
  </datafield>
  <datafield tag="952" ind1=" " ind2=" ">
    <subfield code="0">0</subfield>
    <subfield code="1">0</subfield>
    <subfield code="2">ddc</subfield>
    <subfield code="4">0</subfield>
    <subfield code="7">1</subfield>
    <subfield code="8">NFIC</subfield>
    <subfield code="a">DBAD</subfield>
    <subfield code="b">DBAD</subfield>
    <subfield code="d">2012-06-14</subfield>
    <subfield code="e">DBAD / PUB</subfield>
    <subfield code="g">101.00</subfield>
    <subfield code="l">0</subfield>
    <subfield code="o">920 &#x92A;&#x941;&#x923;&#x94D;&#x92F;&#x936;&#x94D;&#x932;&#x94B;</subfield>
    <subfield code="p">MR-14856</subfield>
    <subfield code="r">2012-06-14 00:00:00</subfield>
    <subfield code="t">1</subfield>
    <subfield code="v">101.00</subfield>
    <subfield code="w">2012-06-14</subfield>
    <subfield code="y">MR</subfield>
  </datafield>
</record>
